| 000 | 00924nam a2200277 i 4500 | ||
|---|---|---|---|
| 001 | bg | ||
| 245 | 0 | 0 |
_aSłownik naukowo-techniczny niemiecko-polski / _czespół red. Małgorzata Sokołowska, Anna Bender, Krzysztof Żak. |
| 246 | 1 | 1 | _aDeutsch-polnisches wissenschaftlich-technisches Wörterbuch |
| 250 | _aWyd. 12. | ||
| 260 |
_aWarszawa : _bWydawnictwa Naukowo-Techniczne, _c1999. |
||
| 300 |
_a[12], 618 s. ; _c25 cm. |
||
| 500 | _aTyt. równol. : Deutsch-polnisches wissenschaftlich-technisches Wörterbuch. | ||
| 650 | 9 | _aSłownik niemiecko-polski | |
| 650 | 9 | _aTechnika | |
| 655 | _aSłowniki | ||
| 700 | 1 |
_aSOKOŁOWSKA, Małgorzata. _eRed. |
|
| 700 | 1 |
_aBENDER, Anna. _eRed. |
|
| 700 | 1 |
_aŻAK, Krzysztof. _eRed. |
|
| 020 | _a832042383X | ||
| 040 | _cBPK | ||
| 041 | 0 | _adepl | |
| 080 | _a62(038)=112.2=162.1 | ||
| 920 | _a83-204-2383-X | ||
| 942 | _cKS | ||
| 008 | s pl f |000 0 pol | ||
| 999 |
_c36188 _d36188 |
||
| 856 |
_uhttp://koha.tu.koszalin.pl/cgi-bin/koha/opac-detail.pl?biblionumber=36188 _yKatalog online BPK |
||